<?xml version="1.0" encoding="UTF-8"?>
<record
    xmlns:xsi="http://www.w3.org/2001/XMLSchema-instance"
    xsi:schemaLocation="http://www.loc.gov/MARC21/slim http://www.loc.gov/standards/marcxml/schema/MARC21slim.xsd"
    xmlns="http://www.loc.gov/MARC21/slim">

  <leader>02761cam a22002415a 4500</leader>
  <controlfield tag="003">AR-RoUNCS</controlfield>
  <controlfield tag="005">20260611155929.0</controlfield>
  <controlfield tag="007">ta</controlfield>
  <controlfield tag="008">060523s2001    sp     |r     00| 0 spa d</controlfield>
  <datafield tag="020" ind1=" " ind2=" ">
    <subfield code="a">8474328969</subfield>
  </datafield>
  <datafield tag="040" ind1=" " ind2=" ">
    <subfield code="a">AR-BaBN</subfield>
    <subfield code="b">spa</subfield>
    <subfield code="c">AR-RoUNCS</subfield>
  </datafield>
  <datafield tag="041" ind1="1" ind2=" ">
    <subfield code="a">spa</subfield>
    <subfield code="h">ita</subfield>
  </datafield>
  <datafield tag="100" ind1="1" ind2=" ">
    <subfield code="a">Eco, Umberto,</subfield>
    <subfield code="d">1932-2016</subfield>
    <subfield code="e">autor</subfield>
  </datafield>
  <datafield tag="245" ind1="1" ind2="0">
    <subfield code="a">C&#xF3;mo se hace una tesis : </subfield>
    <subfield code="b">t&#xE9;cnicas y procedimientos de estudio, investigaci&#xF3;n y escritura / </subfield>
    <subfield code="c">Umberto Eco.</subfield>
  </datafield>
  <datafield tag="250" ind1=" " ind2=" ">
    <subfield code="a">1a ed.</subfield>
  </datafield>
  <datafield tag="260" ind1=" " ind2=" ">
    <subfield code="a">Barcelona : </subfield>
    <subfield code="b">Gedisa,</subfield>
    <subfield code="c">2001.</subfield>
  </datafield>
  <datafield tag="300" ind1=" " ind2=" ">
    <subfield code="a">233 p. ;</subfield>
    <subfield code="c">24 cm.</subfield>
  </datafield>
  <datafield tag="505" ind1=" " ind2=" ">
    <subfield code="a">1. Qu&#xE9; es una tesis doctoral y para qu&#xE9; sirve -- 2. La elecci&#xF3;n del tema -- 3. La b&#xFA;squeda del material -- 4. El plan de trabajo y las fichas -- 5. La redacci&#xF3;n -- 6. La redacci&#xF3;n definitiva -- 7. Conclusiones.</subfield>
  </datafield>
  <datafield tag="520" ind1=" " ind2=" ">
    <subfield code="a">Ante la actual situaci&#xF3;n de masificaci&#xF3;n de nuestras universidades, Umberto Eco destina este libro sobre todo a los estudiantes con pocos recursos y apoyos, a los que viven lejos de los grandes centros urbanos con sus facilidades institucionales y a los que nadie les ha explicado como se busca un libro o un documento en bibliotecas y archivos. A pesar de desventajas personales, dice Umberto Eco, &#xB4;se puede hacer una tesis digna, aun hall&#xE1;ndose en una situaci&#xF3;n dif&#xED;cil, causada por discriminaciones recientes o remotas. Se puede aprovechar la ocasi&#xF3;n de la tesis (&#x85;) para recuperar el sentido positivo y progresivo del estudio, no entendido como una cosecha de nociones, sino como una elaboraci&#xF3;n critica de una experiencia, como adquisici&#xF3;n de una capacidad buena para la vida futura para localizar los problemas, para afrontarlos con m&#xE9;todo, para exponerlos siguiendo ciertas t&#xE9;cnicas de comunicaci&#xF3;n&#xB4;. Los consejos de este libro se dirigen en primer lugar a los estudiantes de disciplinas human&#xED;sticas, incluyendo ciencias pol&#xED;ticas y derecho. El prop&#xF3;sito es ensenar como escoger un tema, organizar el tiempo, llevar a cabo una b&#xFA;squeda bibliogr&#xE1;fica y estructurar el trabajo elaborado. Se trata de un texto que sobrepasa la categor&#xED;a de una simple instrucci&#xF3;n t&#xE9;cnica. Umberto Eco sabe motivar, logra transformar las angustias en tensi&#xF3;n positiva, de manera que cualquier estudiante comenzara a sentir&#xE1; inmediatamente confianza en sus posibilidades, con ganas de buscar, seguir pistas y descubrir algo que tal vez nadie hab&#xED;a visto antes. Porque esta obra habla tambi&#xE9;n de las propias experiencias de Umberto Eco cuando hizo su tesis sobre Est&#xE9;tica medieval. Las referencias a sus t&#xE1;cticas como joven investigador, las advertencias contra los errores y falsas pistas tienen un car&#xE1;cter casi de suspense.</subfield>
  </datafield>
  <datafield tag="650" ind1=" " ind2="7">
    <subfield code="a">Investigaci&#xF3;n</subfield>
    <subfield code="x">Metodolog&#xED;a</subfield>
    <subfield code="2">embne</subfield>
  </datafield>
  <datafield tag="650" ind1=" " ind2="7">
    <subfield code="a">Proyectos de investigaci&#xF3;n </subfield>
    <subfield code="2">embne</subfield>
  </datafield>
  <datafield tag="942" ind1=" " ind2=" ">
    <subfield code="2">udc</subfield>
    <subfield code="c">OG</subfield>
    <subfield code="n">0</subfield>
  </datafield>
  <datafield tag="999" ind1=" " ind2=" ">
    <subfield code="c">1049</subfield>
    <subfield code="d">1049</subfield>
  </datafield>
  <datafield tag="952" ind1=" " ind2=" ">
    <subfield code="0">0</subfield>
    <subfield code="1">0</subfield>
    <subfield code="2">udc</subfield>
    <subfield code="4">0</subfield>
    <subfield code="7">0</subfield>
    <subfield code="8">CG</subfield>
    <subfield code="a">ESOCIALES</subfield>
    <subfield code="b">ESOCIALES</subfield>
    <subfield code="d">2026-06-11</subfield>
    <subfield code="e">Donaci&#xF3;n 2023</subfield>
    <subfield code="l">0</subfield>
    <subfield code="o">001.81 Ec19</subfield>
    <subfield code="p">000396</subfield>
    <subfield code="r">2026-06-11 16:03:54</subfield>
    <subfield code="w">2026-06-11</subfield>
    <subfield code="y">OG</subfield>
  </datafield>
</record>
